[Event "COL-ch U14"]
[Site "Barranquilla"]
[Date "2024.04.14"]
[Round "6"]
[White "Tobar Beltran, Miguel Angel"]
[Black "Garzon Espitia, Nicolas Alejandro"]
[Result "0-1"]
[WhiteElo "1400"]
[BlackElo "1647"]
[PlyCount "128"]
[EventDate "2024.04.11"]
[EventType "swiss"]
[EventRounds "7"]
[EventCountry "COL"]
[SourceTitle "CB18_2024"]
[SourceDate "2024.05.01"]
[SourceVersion "1"]
[SourceVersionDate "2024.05.01"]
[SourceQuality "2"]

1. d4 d5 2. Bg5 h6 3. Bh4 c5 4. dxc5 Qa5+ 5. Nc3 e6 6. Qd4 Nc6 7. Qa4 Qxc5 8. Nb5 Bd6 9. Nxd6+ Qxd6 10. 0-0-0 Bd7 11. Bg3 Qc5 12. a3 Rc8 13. Rd2 Nf6 14. f3 e5 15. e4 Nd4 16. Qb4 Qxb4 17. axb4 Nb3+ 18. Kd1 Nxd2 19. Kxd2 dxe4 20. Bxe5 0-0 21. Bxf6 gxf6 22. fxe4 Bc6 23. Bd3 f5 24. Nh3 fxe4 25. Be2 e3+ 26. Kxe3 Rfe8+ 27. Kf2 Bd7 28. c3 Bxh3 29. gxh3 Rc6 30. Bf3 Rd6 31. Bxb7 Rd2+ 32. Kf3 Ree2 33. b3 Rxh2 34. Rxh2 Rxh2 35. Kg3 Rc2 36. c4 Rc3+ 37. Kg4 Rxb3 38. b5 h5+ 39. Kxh5 Rxh3+ 40. Kg5 Kf8 41. c5 Ke7 42. c6 Kd6 43. Kf4 Rb3 44. Ba6 Ra3 45. Ke4 Rxa6 46. bxa6 Kxc6 47. Ke5 Kb6 48. Kf6 Kxa6 49. Kxf7 Kb5 50. Ke6 a5 51. Kd5 Kb4 52. Kd4 Kb3 53. Kd3 a4 54. Kd2 a3 55. Kd3 a2 56. Kd4 a1Q+ 57. Ke4 Qf6 58. Kd5 Kc3 59. Ke4 Kc4 60. Ke3 Qf5 61. Ke2 Qf4 62. Ke1 Qh2 63. Kf1 Kd3 64. Ke1 Qe2# 0-1

[Event "COL-ch U14"]
[Site "Barranquilla"]
[Date "2024.04.12"]
[Round "3"]
[White "Rueda Ahumada, Daniel Alejandro"]
[Black "Tobar Beltran, Miguel Angel"]
[Result "0-1"]
[WhiteElo "1459"]
[BlackElo "1400"]
[PlyCount "84"]
[EventDate "2024.04.11"]
[EventType "swiss"]
[EventRounds "7"]
[EventCountry "COL"]
[SourceTitle "CB18_2024"]
[SourceDate "2024.05.01"]
[SourceVersion "1"]
[SourceVersionDate "2024.05.01"]
[SourceQuality "2"]

1. d4 f5 2. Nf3 e6 3. Bf4 c6 4. e3 d5 5. Bd3 Nf6 6. c3 Bd6 7. Bg3 0-0 8. Qc2 Qc7 9. Nbd2 Nbd7 10. Ng5 Re8 11. 0-0-0 Ne4 12. Ngxe4 fxe4 13. Nxe4 dxe4 14. Bxe4 Nf6 15. Bd3 Bxg3 16. hxg3 h6 17. Rh2 e5 18. dxe5 Rxe5 19. Rdh1 Be6 20. a3 Rd8 21. Rd1 Red5 22. c4 R5d6 23. f3 Qd7 24. Be2 Rxd1+ 25. Bxd1 Qd3 26. Qxd3 Rxd3 27. e4 Bxc4 28. Be2 Rd4 29. Bxc4+ Rxc4+ 30. Kb1 Rc5 31. Rh1 Kf7 32. Rd1 Ke7 33. Ka2 Rc2 34. Rg1 Re2 35. Kb3 Nh5 36. g4 Nf4 37. Rc1 Rxg2 38. Kc3 Ne2+ 39. Kc2 Nxc1+ 40. Kxc1 Rf2 41. Kb1 Rxf3 42. b4 Rg3 0-1

[Event "COL-ch U12"]
[Site "Choconta"]
[Date "2023.03.19"]
[Round "4"]
[White "Mercado Florez, Diego Armando"]
[Black "Tobar Beltran, Miguel Angel"]
[Result "1-0"]
[WhiteElo "1041"]
[BlackElo "1259"]
[PlyCount "57"]
[EventDate "2023.03.17"]
[EventType "swiss"]
[EventRounds "7"]
[EventCountry "COL"]
[SourceTitle "CBM 213 Extra"]
[Source "ChessBase"]
[SourceDate "2023.05.31"]
[SourceVersion "1"]
[SourceVersionDate "2023.05.31"]
[SourceQuality "1"]

1. e4 c5 2. d4 cxd4 3. c3 dxc3 4. Nxc3 Nc6 5. Nf3 d6 6. Bc4 e6 7. 0-0 a6 8. Bf4 Be7 9. Qe2 Bd7 10. Rfd1 e5 11. Be3 Be6 12. Nd5 Bxd5 13. Bxd5 h6 14. Bxc6+ bxc6 15. Nxe5 Qc7 16. Nc4 Rb8 17. Bf4 Rd8 18. Bd2 d5 19. Ba5 Qc8 20. Bxd8 Bxd8 21. Nd6+ Kd7 22. Nxc8 Kxc8 23. Qxa6+ Kd7 24. Qb7+ Bc7 25. exd5 cxd5 26. Rxd5+ Ke6 27. Re1+ Kf6 28. Qc6+ Bd6 29. Qxd6# 1-0

[Event "COL-ch U12"]
[Site "Choconta"]
[Date "2023.03.18"]
[Round "2"]
[White "Romero Ospina, Juan Miguel"]
[Black "Tobar Beltran, Miguel Angel"]
[Result "1-0"]
[WhiteElo "1600"]
[BlackElo "1259"]
[PlyCount "56"]
[EventDate "2023.03.17"]
[EventType "swiss"]
[EventRounds "7"]
[EventCountry "COL"]
[SourceTitle "CBM 213 Extra"]
[Source "ChessBase"]
[SourceDate "2023.05.31"]
[SourceVersion "1"]
[SourceVersionDate "2023.05.31"]
[SourceQuality "1"]

1. e4 c5 2. Nf3 a6 3. d4 cxd4 4. Nxd4 Nf6 5. Nc3 Qa5 6. f3 e5 7. Nb3 Qb6 8. Nd5 Nxd5 9. Qxd5 Qd6 10. Bc4 Qxd5 11. Bxd5 d6 12. Bd2 Be7 13. 0-0-0 0-0 14. Na5 Ra7 15. Be3 b6 16. Bxb6 Rd7 17. Nc6 Nxc6 18. Bxc6 Rdd8 19. Bxd8 Rxd8 20. Rd5 Be6 21. Ra5 Bc4 22. b3 Rc8 23. Bb7 Rc7 24. Bxa6 Bxa6 25. Rxa6 h5 26. Ra8+ Kh7 27. a4 Bg5+ 28. Kb2 Be3 1-0